000 00366nam a2200157Ia 4500
008 230711s9999||||xx |||||||||||||| ||und||
020 _a81-261-2657-4
041 _aENG
082 _a632.05
100 _aTyagi,Amar
245 0 _aPlant Pathology
260 _c2006
_aNew Delhi
_bAnmol Publication(P) Ltd.
300 _a333p.
650 _aAgriculture
942 _cBK
999 _c7592
_d7592